All 10k+ cities in Connecticut on a Map - Statistics

General Stats
  • This quiz has been taken 85 times
  • The average score is 39 of 97
Answers on the Map
Answers color-coded by a green-red scale on the quiz's map according to % correct below.
 
Answer Stats
City Population % Correct
Hartford 121,054
98%
New Haven 134,023
98%
Bridgeport 148,654
91%
Stamford 135,470
91%
Danbury 86,518
77%
New London 27,367
75%
Greenwich 63,518
74%
Waterbury 114,403
72%
West Hartford 64,083
72%
East Hartford 51,045
70%
Norwalk 91,184
68%
Fairfield 61,512
65%
West Haven 55,584
65%
New Britain 74,135
63%
Bristol 60,833
54%
Milford 52,044
54%
Middletown 47,717
53%
North Haven 24,253
53%
Torrington 35,515
53%
Windsor 29,492
53%
Manchester 59,713
51%
Meriden 60,850
51%
East Haven 27,923
49%
Groton 38,411
49%
Norwich 40,125
49%
New Canaan 20,622
46%
Shelton 40,869
44%
Darien 21,499
42%
Enfield 42,141
42%
Hamden 61,169
42%
Wallingford 44,396
42%
Westport 27,141
42%
Southington 43,501
40%
Berlin 20,175
39%
Old Saybrook 10,481
39%
Stratford 52,355
39%
Vernon 30,215
39%
Windsor Locks 12,613
39%
Ansonia 18,918
37%
Branford 28,273
37%
Madison 17,691
37%
Naugatuck 31,519
37%
Newington 30,536
37%
Stonington 18,335
37%
Mansfield 25,892
35%
Orange 14,280
35%
Ridgefield 25,033
35%
South Windsor 26,918
35%
Trumbull 36,827
35%
Watertown 22,105
35%
Avon 18,932
33%
Farmington 26,712
33%
Weston 10,354
33%
Bethel 20,358
32%
Bloomfield 21,535
32%
Canton 10,124
32%
Colchester 15,555
32%
Coventry 12,235
32%
Glastonbury 35,159
32%
New Milford 28,115
32%
Windham 24,425
32%
Clinton 13,185
30%
Derby 12,325
30%
East Windsor 11,190
30%
Monroe 18,825
30%
North Branford 13,544
30%
Rocky Hill 20,845
30%
Simsbury 24,517
30%
Tolland 14,563
30%
Cheshire 28,733
28%
Cromwell 14,225
28%
Granby 10,903
28%
Guilford 22,073
28%
Newtown 27,173
28%
Oxford 12,706
28%
Wethersfield 27,298
28%
Wilton 18,503
28%
East Lyme 18,693
26%
Ellington 16,426
26%
Killingly 17,752
26%
Southbury 19,879
26%
Waterford 19,571
26%
New Fairfield 13,579
25%
Stafford 11,472
25%
East Hampton 12,717
23%
Plainville 17,525
23%
Seymour 16,748
23%
Suffield 15,752
23%
Winchester 10,224
23%
Wolcott 16,142
23%
Brookfield 17,528
21%
Plainfield 14,973
21%
Somers 10,255
21%
Plymouth 11,671
19%
Montville 18,387
18%
Griswold 11,402
16%
Ledyard 15,413
14%
No matching quizzes found
Score Distribution
Percent of People with Each Score
Percentile by Number Answered
Your Score History
You have not taken this quiz